000 00518nam a22001577a 4500
003 NUST
038 _aNusrat Nadeem
082 _a200
100 _aObaid ur Rehman
_992320
245 _aIMPACT ANALYSIS OF ENVIRONMENTAL REGULATIONS ON INTRA-INDUSTRY TRADE FLOW: CASE OF PAKISTAN/
_cObaid ur Rehman
264 _aIslamabad:
_bS3H NUST.
_c2025.
650 _aMS-Economics
_9123068
700 _aSupervisor: Dr. Zafar Mahmood
_9123161
856 _uhttp://10.250.8.41:8080/xmlui/handle/123456789/54872
942 _2ddc
_cSC
999 _c614822
_d614822